Normal view
MARC view
- سياسة اقتصادية
Entry Topical Term
001 - CONTROL NUMBER
- control field: 14206
003 - CONTROL NUMBER IDENTIFIER
- control field: JO-AjAnu
005 - DATE AND TIME OF LATEST TRANSACTION
- control field: 20230606072553.0
008 - FIXED-LENGTH DATA ELEMENTS
- fixed length control field: 230606|| aca||aabn | a|a d
040 ## - CATALOGING SOURCE
- Original cataloging agency: JO-AjAnu
- Transcribing agency: JO-AjAnu
150 ## - HEADING--TOPICAL TERM
- Topical term or geographic name entry element: سياسة اقتصادية
670 ## - SOURCE DATA FOUND
- Source citation: Work cat.: (JO-AjAnu)7301: السلوم،يوسف ابراهيم, author 14205, اضواء على استراتيجية خطة التنمية في المملكة العربية السعودية